书目信息 |
| 题名: |
水质分析实用手册
|
|
| 作者: | ;哈希公司 编译 | |
| 分册: | ||
| 出版信息: | 北京 化学工业出版社 2016.08 |
|
| 页数: | 546页 | |
| 开本: | 26cm | |
| 丛书名: | ||
| 单 册: | ||
| 中图分类: | O661.1-62 | |
| 科图分类: | ||
| 主题词: | 水质分析--手册 | |
| 电子资源: | ||
| ISBN: | 978-7-122-27200-3 | |
| 000 | 01089nam0 2200241 450 | |
| 001 | 669 | |
| 005 | 20180927145027.70 | |
| 010 | @a978-7-122-27200-3@dCNY138.00 | |
| 100 | @a20161213d2016 em y0chiy50 ea | |
| 101 | 0 | @achi |
| 102 | @aCN@b110000 | |
| 105 | @aa z 000yy | |
| 200 | 1 | @a水质分析实用手册@9shui zhi fen xi shi yong shou ce@dWater quality analysis handbook@zeng@f哈希公司编译 |
| 205 | @a2版 | |
| 210 | @a北京@c化学工业出版社@d2016.08 | |
| 215 | @a546页@c图@d26cm | |
| 330 | @a本书是一本综合了水样采集、保存,到分析操作、精度检查、方法原理的水质分析综合指导书。全书主要包括三大部分。第一部分是实验室基本操作理论,包括各种实验操作技术、水样的采集与保存、水样的预处理、哈希公司实验室仪器及预制试剂的基本使用方法等。第二部分是国内在使用的哈希分析方法的详细介绍,包括操作流程、干扰、精度检查等。第三部分为附录,列举了各国标准限值以及哈希分析方法解释等内容。 | |
| 510 | 1 | @aWater quality analysis handbook@zeng |
| 606 | 0 | @a水质分析@j手册 |
| 690 | @aO661.1-62@v5 | |
| 711 | 02 | @a哈希公司@9ha xi gong si@4编译 |
| 801 | 0 | @aCN@b91MARC@c20161213 |
| 905 | @aMuseLib@dO661.1-62@e8=2 | |
| 水质分析实用手册=Water quality analysis handbook/哈希公司编译.-2版.-北京:化学工业出版社,2016.08 |
| 546页:图;26cm |
| ISBN 978-7-122-27200-3:CNY138.00 |
| 本书是一本综合了水样采集、保存,到分析操作、精度检查、方法原理的水质分析综合指导书。全书主要包括三大部分。第一部分是实验室基本操作理论,包括各种实验操作技术、水样的采集与保存、水样的预处理、哈希公司实验室仪器及预制试剂的基本使用方法等。第二部分是国内在使用的哈希分析方法的详细介绍,包括操作流程、干扰、精度检查等。第三部分为附录,列举了各国标准限值以及哈希分析方法解释等内容。 |
| ● |
| 相关链接 |
|
|
|
|
正题名:水质分析实用手册
索取号:O661.1-62/8=2
 
预约/预借
| 序号 | 登录号 | 条形码 | 馆藏地/架位号 | 状态 | 备注 |
| 1 | 1120118 | 211201180 | 第二样本阅览室/ [索取号:O661.1-62/8=2] | 在馆 | |
| 2 | 1120119 | 211201199 | 化学系资料室/ [索取号:O661.1-62/8=2] | 在馆 | |
| 3 | 1120120 | 211201206 | 第三借阅区/ [索取号:O661.1-62/8=2] | 在馆 |